000 01240nam a22003617a 4500
003 CHAP
005 20220329140932.0
008 971013s1986 r 00010 d
010 _a60031
011 _a61003
035 _a65167
040 _cCHAP
090 _aTesis
100 0 0 _aGómez Hidalgo, Luis Carlos.
_949763
245 _aEvaluación de ocho genotipos de maíz Zea mays L. en el Valle de Juárez, Chih.
260 _aCd. Juárez, Chih. :
_bEl autor,
_c1986
300 _a37 h.
502 _aTesis (Ing. Agr. Esp. en Fitotecnia) -- Escuela Superior de Agricultura Hermanos Escobar
590 _aALEPH
_b10
_c20130110
_lUCH01
_h1338
590 _aBATCH-UPD
_b10
_c20130110
_lUCH01
_h0302
590 _aBATCH-UPD
_b10
_c20130110
_lUCH01
_h2035
590 _aBATCH-UPD
_b10
_c20130409
_lUCH01
_h2334
590 _aBATCH-UPD
_b10
_c20130914
_lUCH01
_h1549
590 _aCONVERSION
_b10
_c20130109
_lUCH01
_h1332
650 1 4 _aMaíz
_xChihuahua.
_970898
650 1 4 _aMaíz
_xMejoramiento.
_971006
650 1 4 _aMaíz
_xRendimiento.
_971051
650 1 4 _aMaíz
_xVariedades.
_971081
901 _aBK
942 _cFOLL
949 _bBC
_cTES
_d-144399
_eTS1
_h29022
_i65167
_si
949 _bBC
_cTES
_d33724000170221
_eTS2
_fc.2
_h29023
_i65167
_si
999 _c60031
_d60031